Nederlandse steden op basis van aantal inwoners - Statistieken

Algemene statistieken
  • Deze quiz is 105 keer genomen
  • De gemiddelde score is 7 van 10
Antwoordstatistieken
Hint Antwoord % Correct
1) 881.933 Amsterdam
100%
2) 655.468 Rotterdam
100%
3) 553.417 Den Haag
98%
4) 361.742 Utrecht
94%
5) 238.326 Eindhoven
89%
6) 224.459 Tilburg
66%
7) 234.950 Groningen
61%
9) 184.731 Breda
48%
8) 219.665 Almere
43%
10) 179.126 Nijmegen
40%
Geen overeenkomende quizzen gevonden
Scoreverdeling
Procent van Mensen met Elke Score
Percentiel versus Aantal Correcte Antwoorden
Uw Scoregeschiedenis
U heeft deze quiz nog niet genomen